Música, maestro : bases par una educación musical 2-7 años

Guardat en:
Dades bibliogràfiques
Autor principal: Sanuy, Montse
Format: Llibre
Idioma:espanyol
Publicat: Cincel. c1982.
Matèries:
Etiquetes: Afegir etiqueta
Sense etiquetes, Sigues el primer a etiquetar aquest registre!

MARC

LEADER 00000nam a22000005a 4500
001 3893
003 CL-ChBUA
005 20120815102838.0
008 070301s1982 sp 000 0 spa
020 |a 8470462903 
040 |a CL-ChBUA  |c CL-ChBUA 
082 0 0 |a 372.216 
090 |c 3893  |d 3893 
100 1 |a Sanuy, Montse. 
245 1 0 |a Música, maestro :  |b bases par una educación musical 2-7 años 
260 |b Cincel.  |c c1982. 
300 |a 186 p.: il.  |b 186 p.: il.  |c 22 cm. 
504 |a Indice. 
650 4 |a MUSICA - ENSEÑANZA. 
942 |c LIB 
952 |0 0  |1 0  |4 0  |7 0  |9 5722  |a UNACH  |b UNACH  |c 300  |d 2007-03-05  |i 20.371.  |l 2  |o 372.216 / Sa 238m.  |p 6721  |r 2026-03-09 11:06:49  |s 2026-02-25  |u 5722  |w 2012-08-08  |y LIB  |k 372.216 / Sa 238m. 
999 |c 3893  |d 3893